[Event "Hastings Chess Congress"]
[Site "Horntye Park Sports Complex, "]
[Date "2011.12.30"]
[Round "3"]
[White "Sengupta, Deep"]
[Black "Wang, Yue"]
[Result "1/2-1/2"]
[WhiteElo "2562"]
[BlackElo "2697"]
[PlyCount "96"]
[EventDate "2002.??.??"]

1. e4 e5 2. Nf3 Nf6 3. Nxe5 d6 4. Nf3 Nxe4 5. d4 d5 6. Bd3 Nc6 7. O-O Be7 8.
Re1 Bg4 9. c4 Nf6 10. Nc3 Nxd4 11. cxd5 Bxf3 12. gxf3 c5 13. Bb5+ Kf8 14. Be3
Nf5 15. Qc2 g6 16. Ne4 Kg7 17. Rad1 Nxe3 18. Rxe3 Nxe4 19. fxe4 Bd6 20. Qc3+ f6
21. e5 Bxe5 22. Qxc5 Qd6 23. Qxd6 Bxd6 24. Bd7 Rhd8 25. Be6 f5 26. Rc3 Be5 27.
Rc4 Kf6 28. Kg2 a5 29. Rd3 b5 30. Rc6 b4 31. Rd2 Rd6 32. Rc4 Rad8 33. Re2 Rb6
34. f4 Bd6 35. Kf3 b3 36. a4 Re8 37. Re3 Re7 38. Re1 Rc7 39. Rxc7 Bxc7 40. Bd7
g5 41. Re6+ Rxe6 42. fxg5+ Kxg5 43. dxe6 Kf6 44. h3 Be5 45. Bb5 Kxe6 46. Bc4+
Kf6 47. Bxb3 Bxb2 48. Bc4 h6 1/2-1/2

[Event "Hastings Chess Congress"]
[Site "Horntye Park Sports Complex, "]
[Date "2011.12.31"]
[Round "4"]
[White "Wang, Yue"]
[Black "Shyam, Nikil P"]
[Result "1-0"]
[WhiteElo "2697"]
[BlackElo "2482"]
[PlyCount "89"]
[EventDate "2011.??.??"]

1. d4 Nf6 2. c4 e6 3. Nf3 d5 4. Bg5 h6 5. Bxf6 Qxf6 6. e3 Bb4+ 7. Nc3 c5 8.
cxd5 exd5 9. Be2 O-O 10. O-O Be6 11. Nb5 Nc6 12. a3 Ba5 13. dxc5 Qxb2 14. Rb1
Qf6 15. Nbd4 Nd8 16. Qa4 Bc7 17. Rfc1 Qe7 18. g3 Bd7 19. Bb5 Bg4 20. Qb3 Be6
21. Nh4 Rc8 22. Nxe6 Nxe6 23. Qxd5 Bb8 24. Bd3 Rxc5 25. Qe4 f5 26. Qb4 Rxc1+
27. Rxc1 Qxb4 28. axb4 Kf7 29. Nxf5 Kf6 30. g4 Rd8 31. Be4 h5 32. h3 g6 33. Nh4
Ng5 34. Bg2 hxg4 35. hxg4 Rh8 36. Nf3 Nxf3+ 37. Bxf3 Bd6 38. b5 Rb8 39. Kg2 g5
40. Rd1 Ke6 41. Bd5+ Ke7 42. Rh1 a5 43. Rh7+ Kf6 44. Rh6+ Ke7 45. Rg6 1-0

[Event "Hastings Chess Congress"]
[Site "?"]
[Date "2012.01.01"]
[Round "5"]
[White "Howell, David W L"]
[Black "Wang, Yue"]
[Result "0-1"]
[WhiteElo "2633"]
[BlackElo "2697"]
[PlyCount "116"]
[EventDate "2012.??.??"]

1. e4 c5 2. c3 d5 3. exd5 Qxd5 4. d4 Nc6 5. Nf3 Bf5 6. Na3 cxd4 7. Bc4 Qe4+ 8.
Kf1 e6 9. Nb5 d3 10. Nfd4 Nxd4 11. cxd4 Rc8 12. f3 Qc6 13. Bxd3 Bxd3+ 14. Qxd3
a6 15. Nc3 Nf6 16. d5 Nxd5 17. Nxd5 Qxd5 18. Qxd5 exd5 19. Be3 Rc2 20. Re1 Kd7
21. Re2 Rxe2 22. Kxe2 Bd6 23. h3 Rc8 24. Rc1 Re8 25. Kd3 h5 26. Rc2 f6 27. Re2
Be5 28. b3 g5 29. Re1 Rg8 30. Rh1 Ke6 31. Bd2 Bg3 32. Rc1 Kf5 33. Rc5 Rd8 34.
Ba5 Rd7 35. Rc8 h4 36. Re8 Bf4 37. Bc3 d4 38. Bb4 Rc7 39. Re4 Rc1 40. Re1 Rc6
41. Re4 Be5 42. Bd2 b5 43. Re2 Rc8 44. Re1 Bf4 45. Re4 Bxd2 46. Kxd2 Rd8 47.
Kd3 b4 48. Rg4 Rd5 49. f4 Ra5 50. fxg5 fxg5 51. g3 hxg3 52. Rxg3 Rxa2 53. Rf3+
Kg6 54. Kxd4 Rc2 55. Ke5 Rc5+ 56. Kd4 Rc3 57. Rxc3 bxc3 58. Kxc3 Kh5 0-1

[Event "Hilton Open 2012, Basel"]
[Site "Basel"]
[Date "2012.01.01"]
[Round "1"]
[White "Grachev, Boris"]
[Black "Curien, Nicolas"]
[Result "1-0"]
[WhiteElo "2693"]
[BlackElo "2177"]
[PlyCount "77"]
[EventDate "2012.??.??"]
[EventType "swiss"]
[EventRounds "7"]
[EventCountry "SUI"]
[SourceDate "2012.01.01"]

1. c4 e6 2. Nc3 d5 3. d4 c6 4. e3 Nf6 5. Nf3 Nbd7 6. Qc2 Bd6 7. b3 O-O 8. Be2
dxc4 9. bxc4 e5 10. O-O Re8 11. Rd1 exd4 12. Nxd4 Qc7 13. h3 Nc5 14. Bb2 Nfe4
15. Nxe4 Nxe4 16. Bd3 f5 17. c5 Be5 18. Rab1 Kh8 19. f4 Bf6 20. Nf3 Qe7 21.
Bxe4 fxe4 22. Ne5 Be6 23. Bd4 Bd5 24. Rb2 Bxe5 25. Bxe5 b5 26. Rxd5 cxd5 27.
Rxb5 a6 28. Rb6 Rac8 29. c6 Qa3 30. Rb3 Qa4 31. Bxg7+ Kg8 32. Bd4 Qxc6 33. Qf2
Qg6 34. Rb6 Rc6 35. f5 Rc1+ 36. Kh2 Qg5 37. Bf6 Rc2 38. Qxc2 Qxe3 39. Qc7 1-0

[Event "Hilton Open 2012, Basel"]
[Site "?"]
[Date "2012.01.02"]
[Round "2"]
[White "Filipovic, Branko"]
[Black "Grachev, Boris"]
[Result "0-1"]
[WhiteElo "2374"]
[BlackElo "2693"]
[PlyCount "110"]
[EventDate "2012.??.??"]
[SourceDate "2012.01.01"]

1. e4 c6 2. Nc3 d5 3. Nf3 a6 4. d3 Bg4 5. h3 Bh5 6. Be2 e6 7. O-O Nf6 8. Bf4
Be7 9. Nd2 Bg6 10. Bh2 O-O 11. Kh1 b5 12. e5 Nfd7 13. Bg4 c5 14. f4 Nc6 15. Ne2
Qb6 16. Ng3 Rae8 17. Nf3 f5 18. Bh5 b4 19. Bxg6 hxg6 20. Ne2 Kf7 21. Bg3 Rh8
22. Qe1 Qd8 23. a3 bxa3 24. Rxa3 a5 25. Nc3 Nd4 26. Nxd4 cxd4 27. Nb5 Bxa3 28.
bxa3 Kg8 29. Nxd4 g5 30. fxg5 Qxg5 31. Bf4 Qd8 32. Qg3 Qh4 33. Qe3 Nf8 34. Bg5
Qh5 35. Rb1 Nh7 36. Nf3 Nxg5 37. Nxg5 Rh6 38. g3 Rc8 39. h4 Qg4 40. c3 f4 41.
Qxf4 Rxh4+ 42. Kg1 Qxf4 43. gxf4 Rxf4 44. Nxe6 Rf5 45. d4 Rxc3 46. Kg2 Kf7 47.
Nc5 Kg6 48. Re1 Kg5 49. e6 Kg4 50. Re2 Rg3+ 51. Kh1 Rh5+ 52. Rh2 Rxh2+ 53. Kxh2
Re3 54. Kg2 Kf5 55. Nb7 Rxe6 0-1

[Event "Hilton Open 2012, Basel"]
[Site "Basel"]
[Date "2012.01.02"]
[Round "3"]
[White "Grachev, Boris"]
[Black "Hera, Imre Jr"]
[Result "1-0"]
[WhiteElo "2693"]
[BlackElo "2558"]
[PlyCount "71"]
[EventDate "2012.??.??"]
[EventType "swiss"]
[EventRounds "7"]
[EventCountry "SUI"]
[SourceDate "2012.01.01"]

1. c4 c6 2. Nf3 d5 3. e3 Nf6 4. d4 Bf5 5. Nc3 e6 6. Nh4 Be4 7. f3 Bg6 8. Qb3
Qc7 9. Bd2 Be7 10. Nxg6 hxg6 11. g3 Nbd7 12. Rc1 Nb6 13. cxd5 exd5 14. a4 a5
15. e4 dxe4 16. fxe4 Qd8 17. e5 Nfd5 18. Bg2 Nb4 19. Ne2 O-O 20. O-O Qd7 21.
Nf4 N6d5 22. Bh3 Qd8 23. e6 Nxf4 24. exf7+ Kh8 25. Rxf4 Bg5 26. Rf2 Bf6 27. Be6
Bxd4 28. Be3 Bxe3 29. Qxe3 Nd5 30. Qd3 Qg5 31. Rc4 Nf6 32. Rh4+ Nh5 33. Qe2
Rad8 34. Rf5 Qc1+ 35. Kg2 Rd2 36. Rfxh5+ 1-0

[Event "Hastings Chess Congress"]
[Site "Horntye Park Sports Complex, "]
[Date "2012.01.03"]
[Round "7"]
[White "Lalith, Babu M.R"]
[Black "Wang, Yue"]
[Result "1/2-1/2"]
[WhiteElo "2484"]
[BlackElo "2697"]
[PlyCount "51"]
[EventDate "2012.??.??"]

1. Nf3 Nf6 2. c4 e6 3. Nc3 Bb4 4. Qc2 O-O 5. a3 Bxc3 6. Qxc3 d6 7. e3 e5 8. Be2
a5 9. b3 c5 10. Bb2 Nc6 11. O-O Re8 12. d3 b6 13. Qc2 Bd7 14. Nd2 a4 15. Bf3
axb3 16. Nxb3 Ra7 17. Nd2 Qc7 18. Nb1 Ne7 19. Nc3 Ra5 20. a4 Bc6 21. Nb5 Qd7
22. Bxc6 Nxc6 23. Bc3 Raa8 24. d4 exd4 25. exd4 Ne4 26. d5 1/2-1/2

[Event "54 Reggio Emilia"]
[Site "Reggio Emilia"]
[Date "2011.12.27"]
[Round "1"]
[White "Caruana, Fabiano"]
[Black "Morozevich, Alexander"]
[Result "0-1"]
[WhiteElo "2727"]
[BlackElo "2762"]
[PlyCount "98"]
[EventDate "2011.12.27"]

1. e4 e5 2. Nf3 Nc6 3. Bb5 a6 4. Ba4 Nf6 5. O-O Be7 6. Re1 b5 7. Bb3 d6 8. c3
O-O 9. h3 Re8 10. d4 Bb7 11. Nbd2 Bf8 12. a4 h6 13. Bc2 exd4 14. cxd4 Nb4 15.
Bb1 c5 16. d5 Nd7 17. Ra3 c4 18. axb5 axb5 19. Nd4 Ne5 20. Rxa8 Qxa8 21. Nxb5
Rc8 22. Re3 Ba6 23. Nc3 Ned3 24. Bxd3 Nxd3 25. Nf3 Qb7 26. Re2 Be7 27. Nd4 Bf6
28. Nf5 Qb3 29. Rc2 Rd8 30. Be3 Nxb2 31. Qd2 Nd3 32. Bd4 Be5 33. Bxe5 dxe5 34.
Ra2 Bb5 35. Ra1 Bd7 36. Ne3 Rc8 37. Ra7 Nc5 38. Qc1 Qb6 39. Qa3 Qb3 40. Qa1 Kh7
41. Kh2 Qb6 42. Nxc4 Qf6 43. Qf1 Be8 44. d6 Qd8 45. Nd5 Bb5 46. Rxf7 Nxe4 47.
Nc7 Bxc4 48. Qxc4 Nxd6 49. Ne6 Nxc4 0-1

[Event "54 Reggio Emilia"]
[Site "Reggio Emilia"]
[Date "2011.12.28"]
[Round "2"]
[White "Giri, Anish"]
[Black "Morozevich, Alexander"]
[Result "0-1"]
[WhiteElo "2714"]
[BlackElo "2762"]
[PlyCount "72"]
[EventDate "2011.12.27"]

1. Nf3 d5 2. d4 Nf6 3. c4 c6 4. e3 Bg4 5. h3 Bh5 6. Nc3 e6 7. g4 Bg6 8. Ne5
Nbd7 9. h4 dxc4 10. Nxg6 hxg6 11. g5 Nd5 12. Bxc4 Bb4 13. Bd2 Qe7 14. a3 Nxc3
15. bxc3 Ba5 16. f4 O-O-O 17. Qb3 Nb6 18. Bd3 Kb8 19. Ke2 Qd7 20. Be4 f6 21.
gxf6 gxf6 22. Rag1 e5 23. fxe5 fxe5 24. Rg5 exd4 25. Rxa5 Rhe8 26. Bg2 dxe3 27.
Bc1 Qd3+ 28. Ke1 e2 29. Bf4+ Ka8 30. Kf2 Rf8 31. Qb4 Nc4 32. Rxa7+ Kxa7 33.
Qa4+ Kb6 34. Qb4+ Ka6 35. Qa4+ Na5 36. Bf3 b5 0-1

[Event "54 Reggio Emilia"]
[Site "Reggio Emilia"]
[Date "2011.12.28"]
[Round "2"]
[White "Ivanchuk, Vassily"]
[Black "Vitiugov, Nikita"]
[Result "1/2-1/2"]
[WhiteElo "2775"]
[BlackElo "2729"]
[PlyCount "57"]
[EventDate "2011.12.27"]

1. d4 Nf6 2. Nf3 e6 3. g3 b5 4. Bg5 Bb7 5. Nbd2 c5 6. c3 Nc6 7. e3 cxd4 8. cxd4
a6 9. Bg2 Be7 10. O-O d6 11. a4 O-O 12. axb5 axb5 13. Qb3 Ra5 14. Rfc1 h6 15.
Bxf6 Bxf6 16. Ne4 Be7 17. d5 Qa8 18. Rab1 exd5 19. Nc3 d4 20. Nd5 dxe3 21. Rxc6
exf2+ 22. Kxf2 Bxc6 23. Nxe7+ Kh8 24. Re1 Be4 25. Nh4 Qa7+ 26. Re3 Ra4 27. Nhf5
Qc5 28. Bxe4 Rxe4 29. Qc3 1/2-1/2

[Event "54 Reggio Emilia"]
[Site "Internet Chess Club"]
[Date "2011.12.29"]
[Round "3"]
[White "Vitiugov, Nikita"]
[Black "Giri, Anish"]
[Result "1/2-1/2"]
[WhiteElo "2729"]
[BlackElo "2714"]
[PlyCount "82"]
[EventDate "2011.??.??"]

1. d4 Nf6 2. c4 g6 3. f3 d5 4. cxd5 Nxd5 5. e4 Nb6 6. Nc3 Bg7 7. Be3 O-O 8. Qd2
Nc6 9. O-O-O Qd6 10. Nb5 Qd7 11. Kb1 Rd8 12. d5 a6 13. dxc6 Qxd2 14. Rxd2 Rxd2
15. Bxd2 axb5 16. cxb7 Bxb7 17. Bxb5 f5 18. exf5 Bd5 19. Ne2 Bxa2+ 20. Kc2 gxf5
21. Bc3 Bc4 22. Bxc4+ Nxc4 23. Nd4 Ne3+ 24. Kd3 Nxg2 25. Nxf5 Nf4+ 26. Kc4 Bxc3
27. bxc3 Kf7 28. Re1 Ng6 29. Nd4 Ra2 30. h3 Rh2 31. Ne6 Kf6 32. Nxc7 Rxh3 33.
Nd5+ Kf7 34. Rf1 Nh4 35. f4 Nf5 36. Kb4 h5 37. c4 Rd3 38. Nb6 h4 39. c5 Rd2 40.
Kc3 Rg2 41. Rh1 Rg4 1/2-1/2

[Event "54 Reggio Emilia"]
[Site "Reggio Emilia, Italy"]
[Date "2011.12.29"]
[Round "3"]
[White "Caruana, Fabiano"]
[Black "Ivanchuk, Vassily"]
[Result "0-1"]
[WhiteElo "2727"]
[BlackElo "2775"]
[PlyCount "166"]
[EventDate "2011.??.??"]

1. e4 c5 2. Nf3 Nc6 3. d4 cxd4 4. Nxd4 Nf6 5. Nc3 e6 6. Ndb5 d6 7. Bf4 e5 8.
Bg5 a6 9. Na3 b5 10. Bxf6 gxf6 11. Nd5 f5 12. g3 fxe4 13. Bg2 Bg7 14. Bxe4 Be6
15. O-O O-O 16. c3 f5 17. Bg2 Rb8 18. Nc2 a5 19. a3 Kh8 20. Qe2 Qd7 21. Rad1 e4
22. f3 Nd4 23. Nxd4 Bxd5 24. Qd2 b4 25. axb4 axb4 26. fxe4 bxc3 27. bxc3 fxe4
28. Rxf8+ Rxf8 29. Qe3 Qe7 30. Bh3 Qe5 31. Re1 Rf6 32. Bg2 Rf7 33. Rb1 Bb7 34.
Ne2 d5 35. Rb6 Qc7 36. Rb1 Be5 37. Nd4 Ba6 38. Bf1 Bc4 39. Bxc4 Qxc4 40. Ne6
Qa6 41. Nd4 h6 42. Ne2 Kh7 43. Rf1 Rxf1+ 44. Kxf1 Qa1+ 45. Kg2 Qe1 46. Qf2
Qxf2+ 47. Kxf2 Kg6 48. Ke3 Kf5 49. h3 Bf6 50. Nd4+ Ke5 51. Kd2 Bg5+ 52. Ke2 Bc1
53. Nb5 Ke6 54. Nd4+ Kf6 55. Nb5 Ke5 56. Nd4 Ba3 57. Nc2 Bc5 58. Ne3 Ke6 59.
Ng4 Bf8 60. Ne3 Bg7 61. Kd2 Be5 62. g4 Bf4 63. Ke2 Bg5 64. Nf5 Ke5 65. Ne3 Kd6
66. Nf5+ Kc5 67. Ne3 Bf4 68. Ng2 Bc7 69. Ne3 Ba5 70. Nd1 Kd6 71. Ke3 Ke5 72.
Ke2 Ke6 73. Ke3 Bb6+ 74. Ke2 Kf6 75. Ne3 Bxe3 76. Kxe3 Kg5 77. Kf2 Kf4 78. Kg2
Ke3 79. h4 Kf4 80. g5 hxg5 81. h5 Kf5 82. Kg3 Kf6 83. Kg4 Ke5 0-1

[Event "54 Reggio Emilia"]
[Site "Internet Chess Club"]
[Date "2011.12.30"]
[Round "4"]
[White "Giri, Anish"]
[Black "Nakamura, Hikaru"]
[Result "0-1"]
[WhiteElo "2714"]
[BlackElo "2758"]
[PlyCount "118"]
[EventDate "2011.??.??"]

1. d4 Nf6 2. c4 g6 3. Nc3 Bg7 4. e4 d6 5. Nf3 O-O 6. Be2 e5 7. O-O Nc6 8. d5
Ne7 9. Ne1 Nd7 10. f3 f5 11. Be3 f4 12. Bf2 g5 13. Rc1 Ng6 14. Nb5 b6 15. b4 a6
16. Nc3 Rf7 17. Nd3 h5 18. c5 Bf8 19. cxb6 cxb6 20. b5 a5 21. Na4 Nc5 22. Ndxc5
dxc5 23. d6 Be6 24. Bxc5 bxc5 25. Nxc5 Bxa2 26. Qa4 Bxd6 27. Qxa2 Bxc5+ 28. Kh1
Bd4 29. Bc4 Raa7 30. Bxf7+ Rxf7 31. Qd5 Qxd5 32. exd5 Ne7 33. d6 Nf5 34. Rc8+
Kg7 35. Rc6 a4 36. Rfc1 a3 37. Ra6 a2 38. Rxa2 Nxd6 39. b6 Bxb6 40. Rc6 Rc7 41.
Rxc7+ Bxc7 42. Ra7 Ne8 43. g3 Kg6 44. Kg2 Bd6 45. Ra6 Kf5 46. Rc6 g4 47. gxf4
exf4 48. fxg4+ hxg4 49. h3 g3 50. Kf3 Be5 51. Rh6 Ng7 52. h4 Ne6 53. Rh5+ Kf6
54. Kg2 Nd4 55. Kh3 f3 56. Rh8 g2 57. Rg8 Ne2 58. Rg6+ Kxg6 59. h5+ Kg5 0-1

[Event "54 Reggio Emilia"]
[Site "Internet Chess Club"]
[Date "2011.12.30"]
[Round "4"]
[White "Vitiugov, Nikita"]
[Black "Caruana, Fabiano"]
[Result "0-1"]
[WhiteElo "2729"]
[BlackElo "2727"]
[PlyCount "92"]
[EventDate "2011.??.??"]

1. d4 Nf6 2. Bg5 e6 3. Nd2 h6 4. Bh4 c5 5. e4 d5 6. e5 g5 7. Bg3 Nfd7 8. h4 g4
9. dxc5 h5 10. Bb5 Nc6 11. Ne2 Nxc5 12. O-O a6 13. Bxc6+ bxc6 14. c4 a5 15. Nd4
Qb6 16. Qc2 Nd7 17. Qd3 Ba6 18. Nxe6 fxe6 19. Qg6+ Kd8 20. Qxe6 Be7 21. Rfd1 d4
22. c5 Nxc5 23. Qf7 Ra7 24. Rac1 Rd7 25. e6 Rd5 26. Nc4 Bxc4 27. Rxc4 Rf8 28.
Qg6 Nb7 29. Qe4 Nd6 30. Bxd6 Rxd6 31. Rcxd4 Rxd4 32. Rxd4+ Kc8 33. g3 Qc5 34.
Rd2 Kb7 35. Rd7+ Kb6 36. Qe2 Rd8 37. Rxd8 Bxd8 38. Qd2 Be7 39. a3 Qe5 40. Qd7
Qd6 41. Qe8 Qxe6 42. b4 axb4 43. axb4 Qe5 44. Kf1 Bd6 45. Qd8+ Bc7 46. Qd2 Bd6
0-1

[Event "54 Reggio Emilia"]
[Site "Reggio Emilia, Italy"]
[Date "2011.12.31"]
[Round "5"]
[White "Caruana, Fabiano"]
[Black "Giri, Anish"]
[Result "0-1"]
[WhiteElo "2727"]
[BlackElo "2714"]
[PlyCount "65"]
[EventDate "2011.??.??"]

1. e4 e5 2. Nf3 Nf6 3. Nxe5 d6 4. Nf3 Nxe4 5. d4 d5 6. Bd3 Be7 7. c4 Bb4+ 8.
Nbd2 O-O 9. O-O Bf5 10. Nb3 dxc4 11. Bxc4 Nc6 12. Bd3 Bg6 13. a3 Bd6 14. Re1 f5
15. Qc2 Kh8 16. Be3 Qf6 17. Nc5 Bxc5 18. dxc5 Rae8 19. Rad1 Bh5 20. Be2 f4 21.
Bc1 a5 22. Qc4 Re7 23. h3 Rfe8 24. Kf1 h6 25. Qc2 Nxf2 26. Kxf2 Bxf3 27. gxf3
Qh4+ 28. Kf1 Qxh3+ 29. Kf2 Qg3+ 30. Kf1 Re5 31. Bxf4 Qxf4 32. Qc4 Re4 33. Qb5
0-1

[Event "54 Reggio Emilia"]
[Site "Reggio Emilia, Italy"]
[Date "2011.12.31"]
[Round "5"]
[White "Morozevich, Alexander"]
[Black "Vitiugov, Nikita"]
[Result "1-0"]
[WhiteElo "2762"]
[BlackElo "2729"]
[PlyCount "81"]
[EventDate "2011.??.??"]

1. d4 Nf6 2. c4 e6 3. Nc3 Bb4 4. Qc2 c5 5. dxc5 O-O 6. a3 Bxc5 7. Nf3 b6 8. e4
Nc6 9. b4 Nd4 10. Qd2 Nxf3+ 11. gxf3 Be7 12. Rg1 Kh8 13. Bb2 a5 14. b5 d6 15.
O-O-O Rg8 16. Kb1 Bb7 17. h4 Qc7 18. h5 h6 19. Na4 e5 20. Qe3 Bd8 21. Bd3 Nd7
22. f4 Bf6 23. fxe5 Bxe5 24. Bxe5 Nxe5 25. Nxb6 Rae8 26. Nd5 Bxd5 27. exd5 Nxd3
28. Qxd3 Re5 29. Rde1 Rxh5 30. Qd4 Qc8 31. Kb2 Kh7 32. Re7 Rf5 33. f4 g5 34.
fxg5 Rgxg5 35. Rge1 Rg4 36. Qd3 Kg7 37. Qc3+ Kg6 38. b6 Qc5 39. b7 Rg2+ 40. Ka1
Rf3 41. b8=Q 1-0

[Event "54 Reggio Emilia"]
[Site "Reggio Emilia, Italy"]
[Date "2012.01.02"]
[Round "6"]
[White "Giri, Anish"]
[Black "Ivanchuk, Vassily"]
[Result "1-0"]
[WhiteElo "2714"]
[BlackElo "2775"]
[PlyCount "101"]
[EventDate "2012.??.??"]

1. d4 Nf6 2. c4 e6 3. Nf3 Bb4+ 4. Bd2 a5 5. g3 d6 6. Bg2 Nc6 7. O-O e5 8. Bg5
exd4 9. Nxd4 Nxd4 10. Qxd4 h6 11. Bxf6 Qxf6 12. Qxf6 gxf6 13. a3 Bc5 14. Nc3 c6
15. e3 Ke7 16. Na4 h5 17. h4 Rg8 18. Rfc1 Ra7 19. Bf3 Bg4 20. Bxg4 Rxg4 21. Kf1
Ra8 22. b3 Ke6 23. Nc3 Ke7 24. Ne2 Rgg8 25. Nf4 Rh8 26. Nd3 Bb6 27. Rab1 Kd7
28. Rc2 Bc7 29. Nf4 Rae8 30. b4 axb4 31. axb4 Ra8 32. b5 Ra4 33. Rbb2 Ra5 34.
Kg2 Ra4 35. Kf3 Raa8 36. Ra2 Rxa2 37. Rxa2 d5 38. bxc6+ bxc6 39. cxd5 c5 40.
Ra6 Bxf4 41. Kxf4 Rc8 42. Rc6 Rxc6 43. dxc6+ Kxc6 44. g4 c4 45. e4 Kd6 46. f3
Ke6 47. Ke3 Ke5 48. gxh5 f5 49. h6 f4+ 50. Kd2 Kf6 51. h5 1-0

[Event "54 Reggio Emilia"]
[Site "Reggio Emilia, Italy"]
[Date "2012.01.02"]
[Round "6"]
[White "Morozevich, Alexander"]
[Black "Caruana, Fabiano"]
[Result "0-1"]
[WhiteElo "2762"]
[BlackElo "2727"]
[PlyCount "88"]
[EventDate "2012.??.??"]

1. d4 Nf6 2. c4 g6 3. Nc3 d5 4. Bg5 Ne4 5. h4 Bg7 6. e3 c5 7. cxd5 Nxc3 8. bxc3
Qxd5 9. Qf3 Qxf3 10. Nxf3 Nc6 11. Rb1 Na5 12. Bb5+ Bd7 13. Ke2 Rc8 14. Bxd7+
Kxd7 15. Rb5 b6 16. dxc5 Rxc5 17. Rxc5 bxc5 18. Rd1+ Ke6 19. e4 Bxc3 20. Be3
Bf6 21. h5 Rc8 22. h6 Nc4 23. Bf4 Nb2 24. Rd5 c4 25. Ra5 Nd3 26. Be3 Rb8 27.
Nd4+ Kd7 28. Kd2 Rb7 29. g4 e6 30. f3 Bd8 31. Ra4 Nb2 32. Ra6 Bb6 33. Nc2 Nd3
34. Bxb6 axb6 35. g5 Nf4 36. Ne3 Kc6 37. Ng4 Kb5 38. Ra8 Rc7 39. Nf6 c3+ 40.
Kc2 Ne2 41. Rd8 Kc4 42. Nd7 Nd4+ 43. Kc1 c2 44. Nxb6+ Kd3 0-1

[Event "54 Reggio Emilia"]
[Site "Reggio Emilia, Italy"]
[Date "2012.01.03"]
[Round "7"]
[White "Morozevich, Alexander"]
[Black "Giri, Anish"]
[Result "1/2-1/2"]
[WhiteElo "2762"]
[BlackElo "2714"]
[PlyCount "34"]
[EventDate "2012.??.??"]

1. d4 d5 2. c4 e6 3. Nc3 Be7 4. cxd5 exd5 5. Bf4 c6 6. e3 Bf5 7. g4 Be6 8. h4
Nd7 9. g5 h6 10. g6 Ngf6 11. gxf7+ Bxf7 12. Bd3 Nh5 13. Be5 O-O 14. Qg4 Nhf6
15. Qg3 Nh5 16. Qg4 Nhf6 17. Qg3 Nh5 1/2-1/2

[Event "54 Reggio Emilia"]
[Site "Internet Chess Club"]
[Date "2012.01.03"]
[Round "7"]
[White "Vitiugov, Nikita"]
[Black "Ivanchuk, Vassily"]
[Result "1-0"]
[WhiteElo "2727"]
[BlackElo "2775"]
[PlyCount "61"]
[EventDate "2012.??.??"]

1. d4 Nf6 2. c4 e6 3. Nc3 Bb4 4. Nf3 c5 5. g3 Nc6 6. Bg2 Ne4 7. Bd2 Nxd2 8.
Qxd2 cxd4 9. Nxd4 O-O 10. a3 Be7 11. O-O Ne5 12. b3 a6 13. Rfd1 Qc7 14. Ne4 f5
15. Nc3 Rb8 16. e4 fxe4 17. Nxe4 b6 18. Qe2 Bb7 19. f4 Nc6 20. Nf3 Na5 21. Rd3
Bxe4 22. Qxe4 Nb7 23. b4 Nd6 24. Qe2 Nf7 25. Qd2 Rfd8 26. Re1 a5 27. Qc3 axb4
28. axb4 Rbc8 29. Nd2 Nd6 30. Rc1 Nxc4 31. Nxc4 1-0

[Event "54 Reggio Emilia"]
[Site "Reggio Emilia, Italy"]
[Date "2012.01.04"]
[Round "8"]
[White "Ivanchuk, Vassily"]
[Black "Caruana, Fabiano"]
[Result "0-1"]
[WhiteElo "2775"]
[BlackElo "2727"]
[PlyCount "68"]
[EventDate "2012.??.??"]

1. d4 Nf6 2. Nf3 g6 3. Bf4 Bg7 4. e3 d6 5. h3 O-O 6. Be2 b6 7. O-O Bb7 8. c3
Nbd7 9. Bh2 Qe8 10. a4 a6 11. Na3 e5 12. Nc4 Ne4 13. Nfd2 Nxd2 14. Nxd2 Kh8 15.
Qc2 f5 16. Rfe1 g5 17. Bd3 Qg6 18. f3 Rae8 19. Rf1 d5 20. a5 c5 21. g4 e4 22.
fxe4 dxe4 23. Be2 f4 24. axb6 Qxb6 25. Qb3 Qa7 26. Bb5 cxd4 27. Bxd7 dxe3 28.
Nc4 Rd8 29. Ba4 Rd2 30. Qxb7 Qxb7 31. Rxf4 gxf4 32. Nxd2 exd2 33. Bxf4 Rxf4 34.
Bc6 Qb6+ 0-1

[Event "Hilton Open 2012, Basel"]
[Site "Basel"]
[Date "2012.01.04"]
[Round "5"]
[White "Grachev, Boris"]
[Black "Bartel, Mateusz"]
[Result "1/2-1/2"]
[WhiteElo "2693"]
[BlackElo "2658"]
[PlyCount "50"]
[EventDate "2012.??.??"]
[EventType "swiss"]
[EventRounds "7"]
[EventCountry "SUI"]
[SourceDate "2012.01.01"]

1. c4 Nf6 2. Nc3 g6 3. g3 Bg7 4. Bg2 O-O 5. d4 d6 6. Nf3 Nc6 7. O-O a6 8. b3
Rb8 9. Bb2 b5 10. cxb5 axb5 11. Rc1 b4 12. Na4 Na5 13. d5 e6 14. dxe6 fxe6 15.
Qc2 c5 16. Rfd1 Nb7 17. Ne5 Qe8 18. Nc4 Qe7 19. Nab6 d5 20. Be5 Bd7 21. Bxb8
Rxb8 22. Nxd7 Nxd7 23. Nb2 Nd6 24. Na4 Nb5 25. Qd3 Ne5 1/2-1/2

[Event "54 Reggio Emilia"]
[Site "Reggio Emilia, Italy"]
[Date "2012.01.05"]
[Round "9"]
[White "Morozevich, Alexander"]
[Black "Ivanchuk, Vassily"]
[Result "1/2-1/2"]
[WhiteElo "2762"]
[BlackElo "2775"]
[PlyCount "47"]
[EventDate "2012.??.??"]

1. d4 d5 2. c4 c6 3. Nf3 Nf6 4. Nc3 a6 5. e3 b5 6. b3 Bg4 7. Bd2 Nbd7 8. h3
Bxf3 9. Qxf3 b4 10. Ne2 e5 11. Ng3 g6 12. cxd5 cxd5 13. dxe5 Nxe5 14. Qf4 Bd6
15. Qh6 Rg8 16. Rc1 Ned7 17. Qh4 a5 18. Bb5 Kf8 19. O-O Kg7 20. Bxd7 Nxd7 21.
Qd4+ Nf6 22. Rc6 Re8 23. f4 Bb8 24. Kh1 1/2-1/2

[Event "54 Reggio Emilia"]
[Site "Reggio Emilia, Italy"]
[Date "2012.01.05"]
[Round "9"]
[White "Caruana, Fabiano"]
[Black "Vitiugov, Nikita"]
[Result "1-0"]
[WhiteElo "2727"]
[BlackElo "2729"]
[PlyCount "85"]
[EventDate "2012.??.??"]

1. e4 c5 2. Nf3 e6 3. d4 cxd4 4. Nxd4 a6 5. Be2 Nf6 6. Nc3 Qc7 7. O-O Bb4 8.
Qd3 Nc6 9. Kh1 Nxd4 10. Qxd4 Bc5 11. Qd2 h6 12. f4 d6 13. Qe1 Bd7 14. Qg3 Bd4
15. Bf3 Qc4 16. Bd2 Bc6 17. Rae1 O-O-O 18. Be2 Qc5 19. Bd3 g5 20. Qf3 Rhg8 21.
Na4 g4 22. Qe2 Qh5 23. Bc3 Bxc3 24. Nxc3 Qc5 25. e5 Nd7 26. Ne4 Bxe4 27. Bxe4
d5 28. Bd3 Kb8 29. Rb1 Rc8 30. b4 Qd4 31. Qe1 Nb6 32. b5 axb5 33. Rxb5 Rc7 34.
Qa5 Nd7 35. Rfb1 Qa7 36. Qb4 Nc5 37. Bh7 Rgc8 38. Ra5 Na6 39. Qd6 Ka8 40. Rb6
Rc6 41. Raxa6 bxa6 42. Rxc6 Rb8 43. c3 1-0

[Event "Hastings Chess Congress"]
[Site "Philadelphia"]
[Date "2012.01.05"]
[Round "9"]
[White "Shyam, Sundar M"]
[Black "Wang, Yue"]
[Result "1/2-1/2"]
[WhiteElo "2462"]
[BlackElo "2697"]
[PlyCount "50"]
[EventDate "2011.06.??"]
[EventRounds "9"]
[EventCountry "USA"]

1. e4 c6 2. d4 d5 3. Nc3 dxe4 4. Nxe4 Bf5 5. Ng3 Bg6 6. Nh3 e6 7. Nf4 Bd6 8. c3
Nf6 9. h4 Bxf4 10. Bxf4 h6 11. Qb3 Qe7 12. h5 Bh7 13. Be2 O-O 14. O-O a5 15. a4
Nd5 16. Bd2 Qc7 17. Bf3 Nd7 18. Rfe1 Rfd8 19. Nf1 N7f6 20. Re5 Nd7 21. Ree1
N7f6 22. Rad1 Qb6 23. Qxb6 Nxb6 24. Ra1 Nbd5 25. g4 Rac8 1/2-1/2

[Event "San Sebastian 2011/2012"]
[Site "San Sebastian ESP"]
[Date "2011.12.29"]
[Round "2"]
[White "Gashimov, V."]
[Black "Martin Alvarez, I."]
[Result "1/2-1/2"]
[WhiteElo "2757"]
[BlackElo "2262"]
[PlyCount "100"]
[EventDate "2011.12.28"]

1. e4 d6 2. Nc3 Nf6 3. f4 e5 4. Nf3 Nbd7 5. Bc4 Be7 6. d3 c6 7. a4 O-O 8. O-O
b6 9. Qe1 Bb7 10. fxe5 Nxe5 11. Nxe5 dxe5 12. Qg3 Qd6 13. Rf5 Bc8 14. Rg5 Kh8
15. Kh1 h6 16. Rxe5 Ng4 17. Rxe7 Qxe7 18. Bf4 Rd8 19. Re1 Be6 20. e5 Re8 21. b3
Bxc4 22. bxc4 Nf6 23. Qf3 Qc5 24. Rf1 Nd7 25. Ne4 Nxe5 26. Qh5 Qe7 27. Bxh6 Kg8
28. Bf4 f6 29. h3 Qf7 30. Qh4 Ng6 31. Qg3 Rxe4 32. dxe4 Qxc4 33. Re1 Nxf4 34.
Qxf4 Re8 35. Qc7 Qxa4 36. c3 Re5 37. Qd7 Qc4 38. Qxa7 Qxc3 39. Qa2+ Kh7 40. Qf2
Ra5 41. Rb1 Qe5 42. Qxb6 Qxe4 43. Rc1 Rh5 44. Qb3 c5 45. Rc4 Qe1+ 46. Kh2 Qe5+
47. Kg1 Qe1+ 48. Kh2 Qe5+ 49. Kg1 Qa1+ 50. Kh2 Qe5+ 1/2-1/2